书目信息 |
| 题名: |
建筑工程质量缺陷事故分析及处理
|
|
| 作者: | 罗福午 主编 | |
| 分册: | ||
| 出版信息: | 武汉 武汉工业大学出版社 1999.08 |
|
| 页数: | 301页 | |
| 开本: | 16开 | |
| 丛书名: | ||
| 单 册: | ||
| 中图分类: | TU712 | |
| 科图分类: | ||
| 主题词: | 建筑工程--施工管理 | |
| 电子资源: | ||
| ISBN: | 7-5629-1506-7 | |
| 000 | 00581nam0 2200181 45 | |
| 001 | 0002251652 | |
| 005 | 20081017154258.70 | |
| 010 | @a7-5629-1506-7@d26.00元 | |
| 100 | @a20000225d1999 km y0chiy0120 ea | |
| 101 | @achi | |
| 200 | 1 | @a建筑工程质量缺陷事故分析及处理@AJian Zhu Gong Cheng Zhi Liang Que Xian Shi Gu Fen Xi Ji Chu Li@f罗福午主编@FLuo Fu Wu Zhu Bian |
| 210 | @a武汉@c武汉工业大学出版社@d1999.08 | |
| 215 | @a301页@d16开 | |
| 606 | 0 | @a建筑工程@x施工管理 |
| 690 | @aTU712@v3 | |
| 701 | @a罗福午@4主编 | |
| 801 | @aCN@bPftUser@c20081017 | |
| 905 | @f5@b49041-045@dTU712@eL860 | |
| 建筑工程质量缺陷事故分析及处理/罗福午主编.-武汉:武汉工业大学出版社,1999.08 |
| 301页;16开 |
| ISBN 7-5629-1506-7:26.00元 |
| ● |
| 相关链接 |
|
|
|
正题名:建筑工程质量缺陷事故分析及处理
索取号:TU712/L860
 
预约/预借
| 序号 | 登录号 | 条形码 | 馆藏地/架位号 | 状态 | 备注 |
| 1 | 454134 | 204541344 | 建筑库201/201建筑库 20排2列2层/ [索取号:TU712/L860] | 在馆 | |
| 2 | 454135 | 204541353 | 建筑库201/201建筑库 20排2列2层/ [索取号:TU712/L860] | 在馆 | |
| 3 | 454136 | 204541362 | 建筑库201/201建筑库 20排2列2层/ [索取号:TU712/L860] | 在馆 | |
| 4 | 454137 | 204541371 | 建筑库201/201建筑库 20排2列2层/ [索取号:TU712/L860] | 在馆 | |
| 5 | 454138 | 204541380 | 建筑库201/201建筑库 20排2列2层/ [索取号:TU712/L860] | 在馆 | |
| 6 | 49042 | 200490423 | 建筑库201/201建筑库 20排2列2层/ [索取号:TU712/L860] | 在馆 |